00350nam a2200121Ia 45000010005000000080041000050820016000461000044000622450055001062600024001619010028001859990015002133069241024s9999 xx 000 0 und d aRD/379/P12i aRepública Dominicana. Pacto Educativo 0aIdeas centrales para documento del Pacto Educativo bSanto Domingoc2013 a24/7/2013 12:03:47 p.m. c8265d8265